Zeleno-bieli sa hlásia v PVP! Tatran Prešov - Dinamo Bukurešť 30:25 (15:15)

Bibliographic Details
Other Authors: Zamborský, Viktor (Photographer)
Format: Article
Language:Slovak
PhysicalDescription:Fotogr.
ISSN:1336-4030
Subjects:
Online Access:www.vecernik.po.sk

MARC

LEADER 00000nab a2200000 a 4500
001 vtls008427055
003 SK-MaSNL
005 20260303065945.0
008 060131c20051114xo dr n 000 00slo
015 |a SNBRB2006/01SVKPO 
038 |a SVKPOCL 
040 |a SVKPOCL  |b slo  |c AACR2  |e AACR2 
041 |a slo 
044 |a xo  |c SK 
080 |a 796.322.093.1  |2 1997 
245 0 0 |a Zeleno-bieli sa hlásia v PVP!  |b Tatran Prešov - Dinamo Bukurešť 30:25 (15:15)  |c [autor] (ms) ; foto: Viktor Zamborský 
300 |a Fotogr. 
610 2 7 |a ŠK Farmakol Tatran Prešov (Prešov, Slovensko)  |2 svkpocl  |9 1059157 
648 7 |a sezóna 2005/2006  |2 svkpocl  |9 1033192 
650 0 7 |a hádzaná  |2 svkpocl  |9 3292 
650 0 7 |a muži  |2 svkpocl  |9 4888 
650 0 7 |a Liga majstrov  |2 svkpocl  |9 884837 
651 7 |a Prešov (Slovensko)  |2 svkpocl  |9 17347 
700 1 |a Zamborský, Viktor  |4 pht  |9 283325 
773 0 |t Prešovský večerník  |g Roč. XVI, č. 3836 (14.11.2005)  |x 1336-4030 
773 0 8 |i Príl.:  |t Šport Extra  |g Č. 46 (14. novembra 2005), s. 9 
852 |a SVKPO  |b KIS3GCP 
856 4 1 |u www.vecernik.po.sk 
999 |c 1753415  |d 1755345